Los demonios de Teresa (Record no. 198430)
[ view plain ]
| 000 -LEADER | |
|---|---|
| campo de control de longitud fija | 01436cam a22003854 4500 |
| 001 - NÚMERO DE CONTROL | |
| campo de control | 198430 |
| 003 - IDENTIFICADOR DE NÚMERO DE CONTROL | |
| campo de control | SpMaBN |
| 005 - FECHA Y HORA DE LA ÚLTIMA TRANSACCIÓN | |
| campo de control | 20260608223643.0 |
| 008 - DATOS DE LONGITUD FIJA--INFORMACIÓN GENERAL | |
| campo de control de longitud fija | 260608s2001 sp | ||| ||spa |
| 016 7# - NÚMERO DE CONTROL DE UNA AGENCIA BIBLIOGRÁFICA NACIONAL | |
| Número de control del registro | bimoBNE20020261953 |
| Fuente | SpMaBN |
| 017 ## - NÚMERO DE COPYRIGHT O DE DEPÓSITO LEGAL | |
| Número de copyright o de depósito legal | M 33242-2001 |
| Agencia que asigna | Oficina Depósito Legal Madrid |
| 020 ## - NÚMERO INTERNACIONAL ESTÁNDAR DEL LIBRO | |
| Número Internacional Estándar del Libro | 8427027281 |
| 035 ## - NÚMERO DE CONTROL DEL SISTEMA | |
| Número de control de sistema | (OCoLC)432950014 |
| 035 ## - NÚMERO DE CONTROL DEL SISTEMA | |
| Número de control de sistema | (SpMaBN)bimo0001768957 |
| 040 ## - FUENTE DE CATALOGACIÓN | |
| Centro catalogador/agencia de origen | SpMaBN |
| Lengua de catalogación | spa |
| Centro/agencia transcriptor | SpMaBN |
| Normas de descripción | rdc |
| 080 ## - NÚMERO DE LA CLASIFICACIÓN DECIMAL UNIVERSAL | |
| Número de la Clasificación Decimal Universal | 821.134.2-31"19" |
| 100 1# - ENTRADA PRINCIPAL--NOMBRE DE PERSONA | |
| Nombre de persona | Moncó Rebollo, Beatriz |
| Fechas asociadas al nombre | 1955- |
| 9 (RLIN) | 243192 |
| 245 14 - MENCIÓN DEL TÍTULO | |
| Título | Los demonios de Teresa |
| Mención de responsabilidad, etc. | Beatriz Moncó |
| 250 ## - MENCION DE EDICION | |
| Mención de edición | Primera edición: octubre 2021 |
| 260 ## - PUBLICACIÓN, DISTRIBUCIÓN, ETC. | |
| Lugar de publicación, distribución, etc. | Madrid |
| Nombre del editor, distribuidor, etc. | Martínez Roca |
| Fecha de publicación, distribución, etc. | 2001 |
| 300 ## - DESCRIPCIÓN FÍSICA | |
| Extensión | 204 páginas |
| Dimensiones | 25 cm |
| 336 ## - TIPO DE CONTENIDO | |
| Fuente | rdacontent |
| Término de tipo de contenido | texto |
| 337 ## - TIPO DE MEDIO | |
| Fuente | rdamedia |
| Nombre/término del tipo de medio | sin mediación |
| 338 ## - TIPO DE SOPORTE | |
| Fuente | rdacarrier |
| Nombre/término del tipo de soporte | volumen |
| 440 #0 - MENCIÓN DE SERIE/PUNTO DE ACCESO ADICIONAL--TÍTULO | |
| Título | Colección Novela histórica |
| 9 (RLIN) | 191425 |
| 500 ## - NOTA GENERAL | |
| Nota general | Registro provisional. DJ-31. Depósito J |
| 852 ## - LOCALIZACIÓN | |
| Ubicación | ES-MaACL |
| Ubicación en estantería | Depósito J |
| Número de control de estantería | DJ-31 |
| Donativo/Legado | Donación: José Lázaro García |
| Encuadernación | Encuadernación cartoné |
| Nota libre | En proceso |
| 942 ## - ELEMENTOS DE ENTRADA SECUNDARIOS (KOHA) | |
| Fuente del sistema de clasificación o colocación | Clasificación decimal universal |
| Tipo de ítem Koha | Libro impreso |
| Suprimir en OPAC | No |
| 956 ## - LOCALIZACIÓN Y ACCESO ELECTRÓNICOS LOCAL (OCLC) | |
| Nombre del host | 2 |
| 980 ## - EQUIVALENCIA O REFERENCIA-CRUZADA-MENCIÓN DE SERIE--NOMBRE DE PERSONA/TÍTULO [LOCAL, CANADÁ] | |
| Nombre de persona | M 33242-2001 |
| -- | 84-270-2728-1 |
| -- | SpMaBN |
| Numeración | BNALCALA |
| Calificador de atribución | 12/113882 |
| Títulos y otros términos asociados al nombre | SG_PETANTI |
| 980 ## - EQUIVALENCIA O REFERENCIA-CRUZADA-MENCIÓN DE SERIE--NOMBRE DE PERSONA/TÍTULO [LOCAL, CANADÁ] | |
| Nombre de persona | M 33242-2001 |
| -- | 84-270-2728-1 |
| -- | SpMaBN |
| Numeración | BNALCALA |
| Calificador de atribución | AHM/548148 |
| Títulos y otros términos asociados al nombre | SG_PETANTI |
| 980 ## - EQUIVALENCIA O REFERENCIA-CRUZADA-MENCIÓN DE SERIE--NOMBRE DE PERSONA/TÍTULO [LOCAL, CANADÁ] | |
| Nombre de persona | M 33242-2001 |
| -- | 84-270-2728-1 |
| -- | SpMaBN |
| Numeración | BNALCALA |
| Calificador de atribución | DL/1115317 |
| Títulos y otros términos asociados al nombre | CONSERVACI |
No items available.
